[Event "e2e4 Sunningdale Open"]
[Site "Ascot ENG"]
[Date "2013.05.27"]
[Round "6"]
[White "Spence,D"]
[Black "McCullough,S"]
[Result "1-0"]
[WhiteElo "2220"]
[BlackElo "2070"]

1.e4 c5 2.c3 Nf6 3.e5 Nd5 4.d4 cxd4 5.cxd4 Nc6 6.Nf3 e6 7.Bc4 Nb6 8.Bd3 Be7
9.O-O O-O 10.a3 d6 11.Qc2 h6 12.Qe2 Bg5 13.Nxg5 hxg5 14.Qh5 f5 15.exf6 Rxf6
16.Bxg5 Bd7 17.Qh7+ Kf7 18.Bg6+ Rxg6 19.Bxd8 Rxd8 20.Qh4 Rh6 21.Qf4+ Ke7
22.Nc3 Rf8 23.Qg3 Rff6 24.Ne4 Rfg6 25.Qxd6+ Ke8 26.Qc5  1-0

[Event "2nd Salento Open"]
[Site "Gallipoli ITA"]
[Date "2013.05.29"]
[Round "6.11"]
[White "Schmitz,A1"]
[Black "Mastrolonardo,Francesco"]
[Result "1-0"]
[WhiteElo "2059"]
[BlackElo "1912"]

1.e4 c5 2.c3 Nf6 3.e5 Nd5 4.d4 cxd4 5.cxd4 d6 6.Nf3 e6 7.Bc4 Nc6 8.O-O Be7
9.exd6 Qxd6 10.Nc3 Nxc3 11.bxc3 O-O 12.Re1 Bf6 13.Bg5 Qd8 14.Bxf6 Qxf6 15.Ne5 Rd8
16.Nxc6 bxc6 17.Qa4 Bd7 18.Qa5 c5 19.Qxc5 Rdc8 20.Qd6 Rxc4 21.Qxd7 Rxc3 22.Rac1 Rxc1
23.Rxc1 g6 24.g3 Rd8 25.Rc8 Rxc8 26.Qxc8+ Kg7 27.Qc5 a6 28.Qa7 g5 29.a4 g4
30.Qxa6 Qxd4 31.Qc6 e5 32.Kg2 Qd3 33.a5 e4 34.Qc1 Qd5 35.Qa1+ f6 36.Kg1 Qc5
37.Qe1 h5 38.a6 Qa7 39.Qe2 Qb6 40.Qa2 e3 41.a7 exf2+ 42.Kf1 Qb5+ 43.Kxf2 Qf5+
44.Ke3 Qe5+ 45.Kd3 Qb5+ 46.Qc4 Qb1+ 47.Qc2 Qf1+ 48.Qe2 Qb1+ 49.Kc4 Qb7 50.Qe3 Qa6+
51.Kb4 Kf7 52.Qc5 Qb7+ 53.Ka5 Qb3 54.Qxh5+ Ke7 55.Qb5 Qa2+ 56.Kb6 Qe6+ 57.Kb7  1-0

[Event "6th Mayors Cup 2013"]
[Site "Mumbai IND"]
[Date "2013.05.30"]
[Round "2"]
[White "Kulkarni,R"]
[Black "Karthikeyan,M2"]
[Result "0-1"]
[WhiteElo "2277"]
[BlackElo "2435"]

1.e4 c5 2.c3 Nf6 3.e5 Nd5 4.Bc4 e6 5.Nf3 Nc6 6.O-O d6 7.d4 cxd4 8.cxd4 Be7
9.Qe2 O-O 10.Rd1 Bd7 11.a3 Qb6 12.Bxd5 exd5 13.Nc3 Be6 14.Bg5 Bxg5 15.Nxg5 dxe5
16.dxe5 h6 17.Nf3 d4 18.Ne4 Bg4 19.Nd6 Rad8 20.Nc4 Qb5 21.Rac1 Rfe8 22.h3 Rxe5
23.Qd3 Bf5 24.Qd2 Re6 25.Qf4 Be4 26.b4 d3 27.Nfd2 Nd4 28.Qc7 Ne2+ 29.Kh2 Rd7
30.Qc8+ Kh7 31.a4 Qd5 32.f3 Bf5 33.Ra1 Rc6 34.Qe8 Rxc4 35.Nxc4 Qxc4 36.Qe5 Qc7
37.Qxc7 Rxc7 38.g4 Bg6 39.Rd2 Rc2 40.Ra2 Nc3 41.Rb2 Rxd2+ 42.Rxd2 Nb1  0-1

[Event "French Top 12 2013"]
[Site "Haguenau FRA"]
[Date "2013.05.31"]
[Round "2.5"]
[White "Maze,S"]
[Black "Tregubov,P"]
[Result "0-1"]
[WhiteElo "2543"]
[BlackElo "2611"]

1.e4 c5 2.c3 Nf6 3.e5 Nd5 4.Nf3 e6 5.d4 cxd4 6.Qxd4 Nc6 7.Qe4 d6 8.exd6 Bxd6
9.Bc4 O-O 10.O-O Nce7 11.Rd1 Qc7 12.Nbd2 Bd7 13.Bxd5 exd5 14.Qe2 Ng6 15.h3 Nf4
16.Qf1 Bf5 17.Nb3 Be4 18.Bxf4 Bxf4 19.Nfd4 Rad8 20.Nd2 Bg6 21.N2f3 a6 22.Nh4 Be4
23.f3 Bg6 24.Nxg6 hxg6 25.Qd3 Qb6 26.b3 Bb8 27.Re1 Qc7 28.Kf1 Rc8 29.Ne2 Ba7
30.Rad1 Qh2 31.Nd4 b5 32.Qe3 Bb8 33.Rd3 Bg3 34.Re2 b4 35.Qg1 Qxg1+ 36.Kxg1 Rxc3
37.Rd1 Rfc8 38.Kf1 Rd3 39.Red2 Rxd2 40.Rxd2 Rc1+ 41.Ke2 Re1+ 42.Kd3 Bf4  0-1

[Event "35th Nezhmetdinov Cup"]
[Site "Kazan RUS"]
[Date "2013.05.31"]
[Round "1.17"]
[White "Dzhumaev,M"]
[Black "Bitkinin,L"]
[Result "1-0"]
[WhiteElo "2549"]
[BlackElo "2147"]

1.e4 c5 2.c3 Nf6 3.e5 Nd5 4.Nf3 e6 5.g3 Nc6 6.Bg2 d6 7.exd6 Bxd6 8.O-O O-O
9.d4 cxd4 10.Nxd4 Ne5 11.Qe2 Qb6 12.Rd1 f5 13.c4 Nc7 14.Bf4 Nf7 15.Bxd6 Nxd6
16.Nc3 Nf7 17.Rac1 e5 18.c5 Qh6 19.Ndb5 Nxb5 20.Qxb5 e4 21.Nd5 Ne5 22.Nf4 Nf7
23.Qb3 g5 24.Rd6 Qg7 25.Nh5 Qe5 26.Rcd1 Qxc5 27.Rf6 Qc7 28.Bf1 b5 29.Bxb5 Rb8
30.Qc4 Qe7 31.Qc3 Ne5 32.Bc4+ Nxc4 33.Qxc4+ Kh8 34.Rxf8+ Qxf8 35.Rd8  1-0

[Event "French Top 12 2013"]
[Site "Haguenau FRA"]
[Date "2013.06.01"]
[Round "3.4"]
[White "Sanikidze,T"]
[Black "Tregubov,P"]
[Result "1/2-1/2"]
[WhiteElo "2549"]
[BlackElo "2611"]

1.e4 c5 2.c3 Nf6 3.e5 Nd5 4.Nf3 Nc6 5.Bc4 Nb6 6.Bb3 g6 7.d4 cxd4 8.cxd4 Bg7
9.O-O O-O 10.h3 d6 11.Qe2 dxe5 12.dxe5 Nd4 13.Nxd4 Qxd4 14.e6 Bxe6 15.Bxe6 fxe6
16.Qxe6+ Kh8 17.Nc3 Qc4 18.Qxe7 Rae8 19.Qg5 Qc6 20.Qb5 Qxb5 21.Nxb5 Re2 22.Nxa7 Nc4
23.Nb5 Nxb2 24.Be3 Nc4 25.Bd4 Bxd4 26.Nxd4 Rb2 27.Rac1 b5 28.Nxb5 Ne5 29.a4 Nd3
30.Rb1 Rfxf2 31.Rxb2 Rxb2 32.Nc3 Kg7 33.a5 Rc2 34.Ne4 Ra2 35.Rd1 Nf4 36.Rd7+ Kh6
37.Nf2 g5 38.Rd6+ Kg7 39.a6 h5 40.g3 Ra1+ 41.Rd1 Nxh3+ 42.Kf1 Rxa6 43.Nxh3 Ra3
44.Kg2 h4 45.gxh4 gxh4 46.Rd4 Rg3+ 47.Kh2 Ra3 48.Rxh4 Kf6 49.Ng1 Kg5 50.Rb4 Kf5
51.Kg2 Re3 52.Nf3 Re4 53.Rb8 Ra4 54.Rf8+ Ke4 55.Kf2 Ra2+ 56.Kg3 Ra7 57.Kg4 Ke3
58.Ng5 Ra4+ 59.Kg3 Ra1 60.Re8+ Kd4 61.Kf4 Rf1+ 62.Nf3+ Kd5 63.Rd8+ Kc5 64.Ke4 Rh1
65.Ra8 Rh7 66.Ra6 Rh1 67.Ra2 Rh8 68.Ra5+ Kb4 69.Rd5 Rh1 70.Rf5 Rh8 71.Kd3 Rh1
72.Ke4  1/2-1/2

[Event "70th ch-GEO w 2013"]
[Site "Tbilisi GEO"]
[Date "2013.06.01"]
[Round "6.3"]
[White "Lomineishvili,M"]
[Black "Guramishvili,S"]
[Result "1-0"]
[WhiteElo "2345"]
[BlackElo "2426"]

1.e4 c5 2.c3 Nf6 3.e5 Nd5 4.Bc4 Nb6 5.Bb3 e6 6.Nf3 d6 7.exd6 Bxd6 8.d4 O-O
9.O-O Nc6 10.Re1 Qc7 11.Qe2 Rd8 12.Bg5 Ne7 13.Nbd2 Re8 14.Ne4 Ng6 15.Rad1 Bd7
16.h4 Nd5 17.dxc5 Bxc5 18.Nxc5 Qxc5 19.c4 Nb6 20.h5 Ne7 21.Be3 Qc7 22.h6 Bc6
23.hxg7 Ng6 24.Ng5 f6 25.Bxb6 axb6 26.Nxe6 Rxe6 27.Qxe6+ Kxg7 28.Rd6 Rf8
29.Red1 Kh8 30.Rd8 Qg7 31.Rxf8+ Nxf8 32.Qh3 Qe7 33.Bc2 Kg7 34.Qe3 Qf7 35.Rd4 Ng6
36.Bxg6 hxg6 37.b4 b5 38.cxb5 Bxb5 39.Re4 Qxa2 40.Re7+ Kf8 41.Rxb7  1-0

[Event "Icelandic Open Championship 2013"]
[Site "Reykjavik ISL"]
[Date "2013.06.02"]
[Round "4.18"]
[White "Johannsdottir,J"]
[Black "Magnusdottir,Veronika Steinunn"]
[Result "1-0"]
[WhiteElo "1890"]
[BlackElo "1576"]

1.e4 c5 2.c3 Nf6 3.e5 Nd5 4.Bc4 Nb6 5.Bb3 e6 6.Nf3 Nc6 7.O-O d5 8.d4 cxd4
9.cxd4 Be7 10.Nc3 O-O 11.a3 Bd7 12.Bc2 h6 13.Qd3 f5 14.exf6 Bxf6 15.Qh7+ Kf7
16.Bxh6 Ne7 17.Ng5+ Ke8 18.Bg6+ Nxg6 19.Qxg6+ Ke7 20.Bxg7 Bxg7 21.Qxg7+ Ke8
22.Qg6+ Ke7 23.Rae1 Rf6 24.Qg7+ Ke8 25.Re2 Qe7 26.Qg8+ Qf8 27.Qxf8+ Rxf8
28.Nxe6 Bxe6 29.Rxe6+ Kd7 30.Rfe1 Kc8 31.Rd6 Kc7 32.Nb5+ Kc8 33.Nxa7+ Rxa7
34.Rxb6 Kc7 35.Rbe6 Raa8 36.g3 Rf7 37.Re7+ Rxe7 38.Rxe7+ Kc6 39.h4  1-0

[Event "French Top 12 2013"]
[Site "Haguenau FRA"]
[Date "2013.06.04"]
[Round "6.8"]
[White "Le Bail,C"]
[Black "Leroy,D"]
[Result "1/2-1/2"]
[WhiteElo "1969"]
[BlackElo "2305"]

1.e4 c5 2.c3 Nf6 3.e5 Nd5 4.Nf3 Nc6 5.d4 cxd4 6.cxd4 d6 7.Bc4 Nb6 8.Bb5 dxe5
9.Nxe5 Bd7 10.Nxd7 Qxd7 11.Nc3 e6 12.O-O Be7 13.Qg4 O-O 14.Bxc6 bxc6 15.Bh6 Bf6
16.Rfd1 Kh8 17.Ne4 Qe7 18.Bg5 Bxg5 19.Nxg5 Rad8 20.Rac1 Rd5 21.Nf3 c5 22.h3 Rfd8
23.Ne5 Rxd4 24.Rxd4 Rxd4 25.Nc6 Rxg4 26.Nxe7 Rc4 27.Rxc4 Nxc4 28.b3 Ne5 29.Kf1 g5
30.Nc8 Nd3 31.Nxa7 Nc1 32.Nc6 Nxa2 33.Ne5 Kg7 34.Nd3 Kf6 35.Ke1 Nb4 36.Nxc5 Ke5
37.Nd7+ Kd4 38.Nf6 h6 39.Ng4 h5 40.Nf6 Kc3 41.Ne4+ Kxb3 42.Nxg5 Kc4 43.Ke2 Kd5
44.Nxf7 Ke4 45.Ng5+ Kf5 46.Nf3 Nd5 47.g3 Ke4 48.Nd2+ Kf5 49.Kf3 Nf6 50.Nc4 Nh7
51.Nd6+ Ke5 52.Ne4 Nf8 53.Ke3 Kf5 54.f3 Ng6 55.Nd6+ Ke5 56.Ne8 Ne7 57.f4+ Kf5
58.Ng7+ Kg6 59.Nxe6 Nf5+ 60.Kf3 Kf6 61.Nc5 Nd4+ 62.Ke4 Ne2 63.g4 hxg4 64.hxg4 Nc3+
65.Kf3 Nd5 66.Ne4+ Ke6 67.g5 Kf5 68.Ng3+ Kg6 69.Ke4 Nc3+ 70.Ke5 Nd1 71.Ne4 Ne3
72.Ke6 Nf5 73.Nd6 Nd4+ 74.Kd5 Nf3 75.Ke6 Nxg5+ 76.Ke7 Nh7 77.f5+ Kg5 78.Kf7 Nf6
79.Ke6 Nh5 80.Ke5 Kh6 81.Nf7+ Kg7 82.Ng5 Nf6 83.Ke6 Ng4 84.Ke7 Kg8 85.Kd6 Kg7
86.Ne4 Ne3 87.f6+ Kf7 88.Ke5 Ng4+  1/2-1/2

[Event "French Top 12 2013"]
[Site "Haguenau FRA"]
[Date "2013.06.04"]
[Round "6.2"]
[White "Bedouin,X"]
[Black "Zherebukh,Y"]
[Result "0-1"]
[WhiteElo "2387"]
[BlackElo "2629"]

1.e4 c5 2.c3 Nf6 3.e5 Nd5 4.d4 cxd4 5.cxd4 e6 6.Nc3 Nxc3 7.bxc3 b6 8.f4 Qc7
9.Bd2 Ba6 10.Bxa6 Nxa6 11.Qe2 Qc6 12.Nf3 b5 13.O-O Be7 14.a4 bxa4 15.d5 exd5
16.Nd4 Bc5 17.Kh1 Bxd4 18.cxd4 O-O 19.Rfc1 Qb6 20.Rxa4 Rfc8 21.Qxa6 Rxc1+
22.Bxc1 Qb3 23.g3 Qd1+ 24.Kg2 Qxc1 25.Qe2 h6 26.f5 a5 27.Ra2 a4 28.Qb5 a3
29.Qxd7 Qc4 30.Rf2 Qxd4 31.e6 fxe6 32.fxe6 a2 33.e7 Qe4+ 34.Kh3 a1=Q  0-1

[Event "6th Mayors Cup 2013"]
[Site "Mumbai IND"]
[Date "2013.06.04"]
[Round "9"]
[White "Patil,Pr2"]
[Black "Shyam,N"]
[Result "0-1"]
[WhiteElo "2202"]
[BlackElo "2408"]

1.e4 c5 2.c3 Nf6 3.e5 Nd5 4.d4 cxd4 5.Nf3 e6 6.cxd4 d6 7.Bc4 Nb6 8.Bb3 dxe5
9.Nxe5 Nc6 10.Nxc6 bxc6 11.O-O Be7 12.Qf3 Nd5 13.Nc3 O-O 14.Bd2 Qb6 15.Rfd1 Qxd4
16.Bg5 Qb4 17.Bxe7 Qxe7 18.Rac1 Rd8 19.Ne4 Bd7 20.Nc5 Be8 21.Rd4 Rab8 22.Nd3 Nb4
23.Rxd8 Rxd8 24.Ne5 Qd6 25.Nc4 Qc7 26.Qe2 Nd3 27.Rc3 Nf4 28.Qe4 Rd4 29.Qf3 c5
30.Ne3 Qb6 31.Nc4 Qc6 32.Kf1 Qxf3 33.gxf3 Bb5 34.a3 Nd5  0-1

[Event "2nd Server24 Open"]
[Site "Ortisei ITA"]
[Date "2013.06.04"]
[Round "4.13"]
[White "Krulich,R"]
[Black "Saravanan,V1"]
[Result "0-1"]
[WhiteElo "2229"]
[BlackElo "2371"]

1.e4 c5 2.c3 Nf6 3.e5 Nd5 4.d4 cxd4 5.cxd4 e6 6.Nf3 b6 7.Bc4 Bb7 8.Bxd5 Bb4+
9.Nc3 Bxd5 10.O-O Bxc3 11.bxc3 O-O 12.Qd3 f5 13.Ba3 Rf7 14.c4 Be4 15.Qe3 h6
16.Rfd1 Nc6 17.Nd2 Bc2 18.Rdc1 f4 19.Qc3 Bf5 20.d5 Ne7 21.Qd4 Ng6 22.Rc3 Qg5
23.Nf3 Qh5 24.c5 bxc5 25.Bxc5 Bg4 26.Re1 exd5 27.Qxd5 Re8 28.Bd6 Bxf3 29.Rxf3 Re6
30.Rc3 Rf5 31.h3 Kh7 32.Ra3 Nh4 33.Kh2 Rg6 34.Rg1 Rfg5 35.g4 fxg3+ 36.Rgxg3 Nf5
37.Rxg5 Qxg5  0-1

[Event "15th Ajuinentornooi 2013"]
[Site "Aalst BEL"]
[Date "2013.06.05"]
[Round "8.2"]
[White "Van de Wynkele,E"]
[Black "Goormachtigh,J"]
[Result "1/2-1/2"]
[WhiteElo "2008"]
[BlackElo "2176"]

1.e4 c5 2.c3 Nf6 3.e5 Nd5 4.g3 d6 5.exd6 e6 6.Bg2 Bxd6 7.Nf3 Nc6 8.Na3 O-O
9.O-O Bd7 10.d4 cxd4 11.Nb5 Be7 12.Nbxd4 Rc8 13.Re1 Nxd4 14.Nxd4 Bf6 15.Qd3 Qb6
16.a3 Rfd8 17.Bxd5 exd5 18.Rd1 Ba4 19.Re1 Bxd4 20.Qxd4 Qxd4 21.cxd4 Rc2 22.Rb1 Bb3
23.Re3 Ba2 24.Ra1 Rdc8 25.Kg2 Kf8 26.Rxa2 Rxc1 27.Re5 R8c2 28.Rxd5 Rd1 29.Rc5 Re2
30.Re5 Red2 31.Kf3 Rb1 32.Re2 Rxd4 33.b4 Rb3+ 34.Re3  1/2-1/2

[Event "Grand Europe Open Albena"]
[Site "Albena BUL"]
[Date "2013.06.05"]
[Round "5.53"]
[White "Dolzhikova,O"]
[Black "Peczely,S"]
[Result "1-0"]
[WhiteElo "2263"]
[BlackElo "2147"]

1.e4 c5 2.c3 Nf6 3.e5 Nd5 4.d4 cxd4 5.Qxd4 e6 6.Nf3 Nc6 7.Qe4 d6 8.Bb5 Bd7
9.c4 Nb6 10.exd6 Bxd6 11.O-O a6 12.Rd1 Qc7 13.Nc3 Ne5 14.Nd4 O-O 15.Bxd7 Nbxd7
16.Ndb5 axb5 17.Nxb5 Qxc4 18.Qxc4 Nxc4 19.Nxd6 Nxd6 20.Rxd6 Nf6 21.Rb6 Rfd8
22.Kf1 Rd7 23.Be3 h6 24.Ke2 Rad8 25.a4 Nd5 26.Rb3 e5 27.a5 f5 28.g3 g5 29.Rc1 Nxe3
30.Kxe3 g4 31.Rc5 Re8 32.Rbb5 Rde7 33.Rb6 Kg7 34.Rcb5 f4+ 35.Ke4 Rd8 36.Rxb7 Kf6
37.R5b6+ Re6 38.Rxe6+ Kxe6 39.Rb6+ Kf7 40.Kxe5  1-0

[Event "Grand Europe Open Albena"]
[Site "Albena BUL"]
[Date "2013.06.05"]
[Round "5.48"]
[White "Sari,Yasin"]
[Black "Tscharotschkin,M"]
[Result "1/2-1/2"]
[WhiteElo "1967"]
[BlackElo "2217"]

1.e4 c5 2.c3 Nf6 3.e5 Nd5 4.d4 cxd4 5.Nf3 e6 6.cxd4 d6 7.a3 Bd7 8.Bd3 Bc6
9.O-O Nd7 10.b4 a6 11.Qe2 dxe5 12.dxe5 g6 13.Nd4 Bg7 14.Nxc6 bxc6 15.f4 O-O
16.Kh1 a5 17.bxa5 Qxa5 18.Bd2 Qa7 19.Nc3 Nc5 20.Bc4 Rfd8 21.Rfc1 Bf8 22.Nd1 Rab8
23.Rc2 Nb3 24.Bxb3 Rxb3 25.Rxc6 Qd4 26.Rac1 Nxf4 27.Bxf4 Qxf4 28.R6c4 Rd2
29.Rxf4 Rxe2 30.Rf1 Rxe5 31.a4 Ra3 32.Rc4 Rc5 33.Rd4 Rd5 34.Rc4 Rc5 35.Rd4 Ra1
36.g3 e5 37.Rd7 f5 38.Ne3 Rxf1+ 39.Nxf1 Ra5 40.Ne3 Rxa4 41.Nd5 Ra6 42.Rd8 Rd6
43.Ne7+ Kf7 44.Rxd6 Bxe7 45.Rd2  1/2-1/2

[Event "27th Pula Open 2013"]
[Site "Pula CRO"]
[Date "2013.06.08"]
[Round "1.19"]
[White "Bervida,Mladen"]
[Black "Jelen,Ig"]
[Result "0-1"]
[WhiteElo "1927"]
[BlackElo "2376"]

1.e4 c5 2.c3 Nf6 3.e5 Nd5 4.Nf3 Nc6 5.Bc4 Nb6 6.Bb3 c4 7.Bc2 Qc7 8.Qe2 g5
9.Nxg5 Qxe5 10.Qxe5 Nxe5 11.Nf3 Nxf3+ 12.gxf3 d5 13.d4 cxd3 14.Bxd3 e5 15.b3 Bh3
16.Rg1 f6 17.Be3 O-O-O 18.Rg3 Be6 19.f4 Bd6 20.fxe5 fxe5 21.Be2 e4 22.Bg4 Bxg4
23.Rxg4 Bxh2 24.Na3 Rhg8 25.Rxg8 Rxg8 26.Ke2 Be5 27.Nb5 Kb8 28.Rh1 Rg7 29.Rh5 Nd7
30.Bxa7+ Kc8 31.Bd4 Re7 32.Rg5 b6 33.Rg8+ Kb7 34.Bxe5 Nxe5 35.Rd8 Rd7 36.Rxd7+ Nxd7
37.Nd6+ Kc6 38.Nf7 Nc5 39.f3 exf3+ 40.Kxf3 Nd3 41.Ke3 Nc1 42.c4 Nxa2 43.Ne5+ Kd6
44.Kd4 Nb4 45.cxd5 Nxd5 46.Nc4+ Ke6 47.Ke4 b5 48.Nd2 Nf6+ 49.Kd4 Kd6 50.b4 Nd5
51.Ne4+ Kc6 52.Ke5 Nxb4 53.Nc3 Nd3+ 54.Kd4 Nf4 55.Ne4 h5 56.Ke3 Nd5+ 57.Kd4 h4
58.Nf2 b4 59.Kc4 Kd6 60.Kd4 b3 61.Ne4+ Kc6 62.Nd2 h3  0-1

[Event "27th Pula Open 2013"]
[Site "Pula CRO"]
[Date "2013.06.08"]
[Round "1.16"]
[White "Zelbel,P"]
[Black "Ahlstrom,Per"]
[Result "1-0"]
[WhiteElo "2397"]
[BlackElo "1933"]

1.e4 c5 2.c3 Nf6 3.e5 Nd5 4.Nf3 Nc6 5.d4 cxd4 6.cxd4 e6 7.Bb5 Nb6 8.Bd3 Nb4
9.Be2 Be7 10.O-O N4d5 11.Bd3 f5 12.exf6 Bxf6 13.Ne5 Qe7 14.Bg6+ Kf8 15.Be4 d6
16.Ng4 Qf7 17.Nc3 Be7 18.Qd3 Nf6 19.Nxf6 Qxf6 20.h3 d5 21.Bf3 Kf7 22.Re1 Bd7
23.Bh5+ g6 24.Re3 Kg7 25.Rf3 Qh4 26.Bg4 Bd6 27.g3 Qe7 28.h4 Rhf8 29.Bg5 Rxf3
30.Qxf3 Qf7 31.Bh6+ Kg8 32.Qe2 Bf8 33.Bf4 Bg7 34.Rd1 a6 35.Bc7 Nc4 36.b3 Rc8
37.Bf4 Nb6 38.Rd3  1-0

[Event "FIDE World Blitz 2013"]
[Site "Khanty-Mansiysk RUS"]
[Date "2013.06.09"]
[Round "13.29"]
[White "Potapov,P"]
[Black "Al Sayed,Mohamad"]
[Result "1-0"]
[WhiteElo "2460"]
[BlackElo "2498"]

1.e4 c5 2.c3 Nf6 3.e5 Nd5 4.Nf3 d6 5.d4 cxd4 6.cxd4 Nc6 7.Bc4 Nb6 8.Bb5 dxe5
9.Nxe5 Bd7 10.Nxd7 Qxd7 11.O-O e6 12.Nc3 Be7 13.Qg4 O-O 14.Bxc6 bxc6 15.Bh6 Bf6
16.Rfd1 Kh8 17.Ne4 Qe7 18.Bg5 Bxg5 19.Qxg5 Qb4 20.b3 Rad8 21.Qc5 Qxc5 22.dxc5 Nd5
23.Nd6 Kg8 24.Rd4 Rd7 25.Kf1 Rb8 26.Rad1 Kf8 27.R1d3 Ke7 28.h4 g6 29.g3 Rdd8
30.Re4 f5 31.Re2 Kf6 32.f4 Rb4 33.Ke1 a5 34.Kd1 a4 35.Kc2 axb3+ 36.Rxb3 Ra8
37.a3 Rba4 38.Kb2 R4a7 39.Nc4 Rc8 40.Nb6 Rd8 41.Rd2 Ra5 42.Rc2 Rb8 43.Nd7+  1-0

[Event "FIDE World Blitz 2013"]
[Site "Khanty-Mansiysk RUS"]
[Date "2013.06.09"]
[Round "16.26"]
[White "Potapov,P"]
[Black "Kobalia,M"]
[Result "1/2-1/2"]
[WhiteElo "2460"]
[BlackElo "2651"]

1.e4 c5 2.c3 Nf6 3.e5 Nd5 4.Nf3 e6 5.d4 cxd4 6.cxd4 d6 7.Bc4 Nb6 8.Bd3 dxe5
9.dxe5 Na6 10.O-O Nc5 11.Be2 Qxd1 12.Rxd1 Be7 13.Nc3 O-O 14.Be3 Bd7 15.b4 Nca4
16.Rxd7 Nxc3 17.Rxe7 Nxe2+ 18.Kf1 Nc3 19.Rxb7 Ncd5 20.Bc5 Rfb8 21.Rxb8+ Rxb8
22.a4 a6 23.Nd2 h6 24.g3 Rc8 25.Ne4 Nd7 26.f4 Nxb4 27.Bxb4 Rc4 28.Bd6 Rxe4
29.Rb1 Rd4 30.a5 Rd5 31.Rb7 Nc5 32.Ra7 Nb3 33.Rxa6 Nxa5 34.Kg2 Nc4 35.Kf3 Nxd6
36.exd6 f6 37.Ke4 Kf7 38.Ra7+ Kf8 39.Ra8+ Kf7 40.Ra7+ Kf8 41.Ra8+  1/2-1/2

[Event "3rd Ortega Rating"]
[Site "Ortega COL"]
[Date "2013.06.09"]
[Round "6.11"]
[White "Lopez,Jorge"]
[Black "Rivera,I"]
[Result "0-1"]
[WhiteElo "2031"]
[BlackElo "2177"]

1.e4 c5 2.c3 Nf6 3.e5 Nd5 4.d4 cxd4 5.Qxd4 e6 6.Nf3 Nc6 7.Qe4 f5 8.Qe2 Be7
9.g3 O-O 10.Bg2 a6 11.O-O b5 12.c4 bxc4 13.Qxc4 a5 14.Rd1 Ba6 15.Qa4 Qb6
16.Nc3 Nxc3 17.bxc3 Bb5 18.Qb3 a4 19.Qb2 a3 20.Qd2 Ba4 21.Re1 Bc5 22.Qe2 Bb5
23.Qc2 Rfc8 24.Be3 Nb4 25.Qd2 Bxe3 26.Rxe3 Nd5 27.Ree1 Rxc3 28.Rab1 Qc5 29.Rec1 Rc8
30.Rxc3 Nxc3 31.Ra1 Ne2+ 32.Kh1 Qxf2 33.Rb1 Bc6 34.Qe1 Qxf3  0-1

[Event "Portuguese Honra A 2013"]
[Site "Sintra POR"]
[Date "2013.06.09"]
[Round "2.4"]
[White "Santos,Mi"]
[Black "Godinho Marques,Pedro"]
[Result "1-0"]
[WhiteElo "1966"]
[BlackElo "1934"]

1.e4 c5 2.c3 Nf6 3.e5 Nd5 4.d4 cxd4 5.cxd4 e6 6.Nc3 b6 7.Nxd5 exd5 8.Qb3 Bb7
9.Nf3 Be7 10.Bd3 O-O 11.Bd2 d6 12.Rc1 Nc6 13.Bb1 dxe5 14.dxe5 g6 15.h4 Re8
16.Rxc6 Bxc6 17.h5 Bf6 18.hxg6 fxg6 19.Kf1 Bxe5 20.Ng5 Re7 21.Nxh7 Rxh7 22.Rxh7 Kxh7
23.Qh3+ Kg7 24.Qh6+ Kg8 25.Qxg6+ Bg7 26.Qxc6 Rc8 27.Qe6+ Kh8 28.Qg6 Qh4 29.Bg5 Qh1+
30.Ke2 Rg8 31.g3 Bxb2 32.Bf6+ Bxf6 33.Qxf6+ Rg7 34.Bg6 Qc1 35.Qh4+ Kg8 36.Qd8+  1-0

[Event "FIDE World Blitz 2013"]
[Site "Khanty-Mansiysk RUS"]
[Date "2013.06.10"]
[Round "25.26"]
[White "Cherniaev,A1"]
[Black "Al Sayed,Mohamad"]
[Result "1-0"]
[WhiteElo "2447"]
[BlackElo "2498"]

1.e4 c5 2.c3 Nf6 3.e5 Nd5 4.Nf3 d6 5.d4 cxd4 6.Qxd4 e6 7.Nbd2 Nc6 8.Bb5 Bd7
9.Bxc6 Bxc6 10.Nc4 dxe5 11.Ncxe5 Qb6 12.Nxc6 bxc6 13.Qg4 Qa6 14.Ne5 g6 15.Qc4 Qxc4
16.Nxc4 Bg7 17.Ke2 O-O 18.Be3 f5 19.f3 e5 20.Rhd1 Rfe8 21.Bc5 e4 22.g3 Re6
23.f4 h6 24.Ne3 Nb6 25.Bxb6 axb6 26.Rd7 Kf8 27.a3 Re7 28.Rd6 Kf7 29.Rxc6 Rd8
30.Rd1 Rb8 31.Rdd6  1-0

[Event "ch-FIN 2013"]
[Site "Mantta FIN"]
[Date "2013.06.10"]
[Round "1.5"]
[White "Ebeling,D"]
[Black "Luukkonen,T"]
[Result "1-0"]
[WhiteElo "2368"]
[BlackElo "2267"]

1.e4 c5 2.c3 Nf6 3.e5 Nd5 4.d4 cxd4 5.Nf3 e6 6.cxd4 d6 7.a3 Bd7 8.Bd3 Bc6
9.O-O Nd7 10.b4 a6 11.Nbd2 Nc3 12.Qb3 Rc8 13.Qxc3 Bxf3 14.Qb2 Bc6 15.Nc4 dxe5
16.dxe5 Nc5 17.Be2 Na4 18.Qb3 b5 19.Na5 Bd5 20.Qg3 Nc3 21.Bf3 h5 22.Bb2 Rh6
23.Bxc3 Rg6 24.Qf4 Rxc3 25.Bxd5 Qxd5 26.f3 Rc2 27.Rf2 Rxf2 28.Kxf2 Be7 29.g3 Bd8
30.Qe3 f6 31.Re1 h4 32.Qe4 Qd2+ 33.Re2 hxg3+ 34.hxg3 Qg5 35.Qc6+ Kf8 36.Qd6+ Be7
37.Qb8+ Kf7 38.exf6 gxf6 39.Qf4 Qh5 40.g4 Qh4+ 41.Qg3 Qh1 42.Re1 Qh6 43.Nc6 Qd2+
44.Re2 Qd7 45.Nxe7 Qd4+ 46.Kg2 Kxe7 47.Qc7+ Qd7 48.Rc2 e5 49.Rc6 Qxc7 50.Rxc7+ Kd6
51.Ra7 e4 52.Rxa6+ Ke5 53.Kg3 e3 54.f4+ Ke4 55.Re6+ Kd4 56.Kf3 Rh6 57.Rd6+ Kc4
58.Kxe3  1-0

[Event "2nd Grand Europe Open 2013"]
[Site "Golden Sands BUL"]
[Date "2013.06.12"]
[Round "3.9"]
[White "Givon,A"]
[Black "Grandelius,N"]
[Result "1/2-1/2"]
[WhiteElo "2415"]
[BlackElo "2544"]

1.e4 c5 2.c3 Nf6 3.e5 Nd5 4.d4 cxd4 5.Nf3 Nc6 6.cxd4 d6 7.Bc4 dxe5 8.Bxd5 Qxd5
9.Nc3 Qd6 10.d5 Nd4 11.Nxd4 exd4 12.Qxd4 e5 13.Qd3 Bd7 14.O-O Qg6 15.Qe2 Bd6
16.Ne4 O-O 17.Nxd6 Qxd6 18.Rd1 Rac8 19.Be3 a6 20.Qd2 Qg6 21.Rac1 Bg4 22.Rxc8 Rxc8
23.Rc1 Rxc1+ 24.Qxc1 h6 25.Kh1 Qd3 26.h3 Bf5 27.Kh2 Qxd5 28.Qc5 Qe6 29.Qb4 Qd7
30.Qd2 Bd3 31.Qb4 Kh7 32.Qc5 f6 33.a3 Qf5 34.Bd2 Be4 35.Qe3 Bc6 36.Bc3 Qb1
37.Qe2 Qg6 38.Qg4 Qd3 39.Qg3 Qf1 40.Bb4 h5 41.h4 Qd1 42.Bf8 Qd7 43.Bb4 Qd4
44.Bc3 Qe4 45.Bd2 Kg8 46.Bc3 Kf7 47.Bd2 Qc2 48.Bc3 Qe2 49.Kg1 Qc4 50.Kh2 g5
51.hxg5 h4 52.Qe3 Qg4 53.Qh3 Qxg5 54.Kg1 Kg6 55.Kh2 Be4 56.Kg1 Qc1+ 57.Kh2 Qf4+
58.Kg1 Qg5 59.Kh2 Qf4+ 60.Kg1 Bf5 61.Qe3 Qg4 62.Bd2 Qd1+ 63.Kh2 Kf7 64.Bc3 Qg4
65.Qf3 Qxf3 66.gxf3 Kg6 67.f4 e4 68.Bd4 Bg4 69.Bc3 Kf5 70.Bd4 a5 71.Bc3 b5
72.Bd4 b4 73.axb4 axb4 74.Kg2 Kg6 75.Kh2 b3 76.Be3 f5 77.Bc1 Be2 78.Be3 Kh5
79.Kg2 Kg4 80.Kh2 h3 81.Kg1 Kf3 82.Kh2 Bf1 83.Kg1 Ke2 84.Bd4 Bg2 85.Be3 Bf3
86.Bd4 Bg4 87.Be3 Kf3 88.Kh2 Ke2  1/2-1/2

[Event "XV Foment Martinenc"]
[Site "Barcelona ESP"]
[Date "2013.06.15"]
[Round "9.1"]
[White "Jerez Perez,A"]
[Black "Lopez Perdomo,J"]
[Result "1-0"]
[WhiteElo "2400"]
[BlackElo "2090"]

1.e4 c5 2.c3 Nf6 3.e5 Nd5 4.Nf3 e6 5.d4 cxd4 6.cxd4 Nc6 7.a3 d6 8.Bd3 Qc7
9.O-O dxe5 10.dxe5 Bd7 11.Qe2 Na5 12.Nc3 Nxc3 13.bxc3 Nb3 14.Ra2 Nxc1 15.Rxc1 Be7
16.Nd4 a6 17.Qe4 Rc8 18.c4 Bc5 19.Nb3 Rb8 20.a4 g6 21.h4 O-O 22.h5 f5 23.Qf4 Be8
24.Be2 Rd8 25.Bf3 Be7 26.hxg6 hxg6 27.c5 g5 28.Qb4 g4 29.Qxb7 Qxe5 30.Qxe7 Rd7
31.Re2 Rxe7 32.Rxe5 gxf3 33.Nd4 Bxa4 34.c6 Rc8 35.Nxf5 Rec7 36.Rxe6 Kf7 37.Re3 Rxc6
38.Rxc6 Rxc6 39.Rxf3 Rc4 40.Kh2 Bc6 41.Re3 Rc5 42.Nd4 Bb5 43.g4 Bd7 44.f3 Rc4
45.Rd3 a5 46.Kg3 a4 47.f4 a3 48.Nf3 Ra4 49.Rxd7+ Ke6 50.Rd1 a2 51.Ng5+ Kf6
52.Ra1 Ra3+ 53.Kh4 Ra4 54.f5 Ra8 55.Ne4+ Ke5 56.Nc3  1-0

[Event "27th Pula Open 2013"]
[Site "Pula CRO"]
[Date "2013.06.15"]
[Round "9.11"]
[White "Nelson,Jo"]
[Black "Loncar,R"]
[Result "1-0"]
[WhiteElo "2227"]
[BlackElo "2402"]

1.e4 c5 2.c3 Nf6 3.e5 Nd5 4.d4 cxd4 5.cxd4 b6 6.Nf3 e6 7.a3 Be7 8.Bd3 Ba6
9.O-O O-O 10.Re1 Bxd3 11.Qxd3 Nc6 12.Nbd2 f5 13.exf6 Bxf6 14.Nc4 Qc7 15.Bd2 Rac8
16.Rac1 Qb8 17.g3 b5 18.Ne3 Nxe3 19.Bxe3 Ne7 20.Rxc8 Rxc8 21.Bg5 Nd5 22.Bxf6 Nxf6
23.h3 Qb7 24.Kh2 a6 25.Re5 Rf8 26.Kg1 Nd5 27.Ng5 Nf6 28.Nf3 Ng4 29.Re4 Nf6
30.Re5 h6 31.Nd2 Nd5 32.Nb3 Qc8 33.Re1 d6 34.Nd2 Qd7 35.Ne4 Rc8 36.Qe2 Rc4
37.Nd2 Rc2 38.b4 Nc7 39.Qd3 Rc6 40.Qf3 Nd5 41.Qe4 Kf7 42.Qf3+ Kg8 43.Qe4 Nc7
44.Qf3 Rc2 45.Qd3 Qc6 46.Ne4 Qc4 47.Qd1 Qa2 48.Qf3 Qd5 49.Qg4 Kh8 50.Qf3 Kg8
51.Qg4 Kh7 52.Nxd6 Rc3 53.Ne4 Rxa3 54.h4 Qf5 55.Qxf5+ exf5 56.Nc5 Nd5 57.Re5 Nxb4
58.Rxf5 Ra1+ 59.Kg2 Rd1 60.Rf7 Rxd4 61.Ne6 Rd6 62.Rxg7+ Kh8 63.Rg6 a5 64.h5 Ra6
65.Rxh6+ Kg8 66.Rg6+ Kf7 67.Nd8+ Kf8 68.Ne6+ Ke7 69.h6 Ra8 70.h7 Rh8 71.Ng5 Nd5
72.Rg8 Rxh7 73.Nxh7 b4 74.Rg5 Kd6 75.Nf6 Nxf6 76.Rxa5 Ke6 77.Rb5 Nd5 78.g4 Kd6
79.g5 Kc6 80.Rb8 Kc7 81.Rh8 b3 82.Rh1 Nc3 83.Rc1  1-0

[Event "17th Petr Izmailov"]
[Site "Tomsk RUS"]
[Date "2013.06.15"]
[Round "5.28"]
[White "Nozhkin,Nikita"]
[Black "Elsukov,V"]
[Result "1-0"]
[WhiteElo "2140"]
[BlackElo "1797"]

1.e4 c5 2.c3 Nf6 3.e5 Nd5 4.d4 cxd4 5.Qxd4 Nc7 6.Nf3 Ne6 7.Qh4 Nc6 8.Bd3 d6
9.exd6 Qxd6 10.Bc2 Ne5 11.Ba4+ Bd7 12.Bxd7+ Nxd7 13.O-O h6 14.Re1 g6 15.Na3 a6
16.Nc4 Qc7 17.Nce5 Nxe5 18.Nxe5 Qd6 19.Qe4 Nc5 20.Qf3 Rh7 21.Bf4 Qb6 22.Be3 Qc7
23.Bxc5 Qxc5 24.Qxb7 Qc8 25.Qe4 Ra7 26.Qa4+  1-0

[Event "2nd Grand Europe Open 2013"]
[Site "Golden Sands BUL"]
[Date "2013.06.16"]
[Round "7.15"]
[White "Vajda,Le"]
[Black "Sveshnikov,V"]
[Result "1/2-1/2"]
[WhiteElo "2617"]
[BlackElo "2411"]

1.e4 c5 2.c3 Nf6 3.e5 Nd5 4.d4 cxd4 5.Nf3 d6 6.Qxd4 e6 7.Na3 Nc6 8.Bb5 dxe5
9.Nxe5 Qc7 10.Nxc6 bxc6 11.Bd3 e5 12.Qa4 Be7 13.Qc2 Bxa3 14.bxa3 h6 15.O-O O-O
16.Re1 Nf4 17.Bxf4 exf4 18.Qa4 Be6 19.Qe4 g6 20.Qf3 Rfe8 21.Be4 Bd5 22.Bxd5 cxd5
23.h4 Rxe1+ 24.Rxe1 Rc8 25.Rd1 Qxc3 26.Qxf4 h5 27.Rxd5 Rc4 28.Qb8+ Kh7 29.Rd1 Qxa3
30.Qe8 Rf4 31.Qe5 Ra4 32.g3 Qxa2 33.Qe8 Rd4 34.Rxd4 Qa1+ 35.Kg2 Qxd4 36.Qxf7+  1/2-1/2